000
00333nam a2200133Ia 4500
008
150201s2009 xx 000 0 und d
082
_a
616.01
_b
M09T
100
_a
TORTORA, GENARD J
245
_a
MICROBIOLOGY: AN INTRODUCTION
250
_a
9TH
260
_b
MOSBY ELSEVIER
_a
DELHI
_c
2009
650
_a
MICROBIOLOGY
942
_2
ddc
_c
BK
_0
1
999
_c
648
_d
648